Czas wyzwań dla Słowacji

Uložené v:
Podrobná bibliografia
Hlavný autor: Širaňová, Mária
Ďalší autori: Gmurczyk, Jan
Médium: Kapitola
Jazyk:Polish
Predmet:
Tagy: Pridať tag
Žiadne tagy, Buďte prvý, kto otaguje tento záznam!

MARC

LEADER 00000nla a2200000 4500
001 0200784
005 20240502083510.6
041 0 |a pol 
044 |a PL 
245 1 0 |a Czas wyzwań dla Słowacji  |c Mária Širaňová, Jan Gmurczyk 
610 2 0 |a Slovensko 
610 2 0 |a rast hospodársky 
610 2 0 |a Európska únia 
610 2 0 |a politika hospodárska 
610 2 0 |a nezamestnanosť 
610 2 0 |a konkurencieschopnosť 
100 1 |a Širaňová, Mária 
700 1 |a Gmurczyk, Jan